[Event "K41 Efteraars EMT Basis 2 2008"]
[Site "Valby"]
[Date "2008.09.09"]
[Round "1"]
[White "Mikkelsen, Henning Peter"]
[Black "Krull, Carl"]
[Result "0-1"]
[WhiteElo "1382"]
[BlackElo "1386"]
[PlyCount "74"]
[EventDate "2008.??.??"]

1. c4 Nf6 2. Nf3 d5 3. e3 Bg4 4. d4 Nc6 5. Nc3 e6 6. a3 Be7 7. Bd3 Qd7 8. O-O
a6 9. h3 Bh5 10. cxd5 Nxd5 11. Be2 h6 12. Bd2 f5 13. Rc1 g5 14. Nh2 Bxe2 15.
Qxe2 h5 16. Rfe1 Nf6 17. g3 O-O-O 18. b4 h4 19. g4 fxg4 20. Nxg4 Nxg4 21. Qxg4
Na7 22. Ne4 Kb8 23. Nc5 Bxc5 24. Rxc5 Rdg8 25. Rec1 c6 26. a4 Nc8 27. b5 Ne7
28. bxc6 Nxc6 29. Rb1 Ka8 30. Kf1 Qh7 31. Rb3 Qh5 32. Qxe6 Qd1+ 33. Be1 Re8 34.
Qc4 Qf3 35. Rxg5 Qxh3+ 36. Ke2 Qd7 37. Qc5 Nxd4+ 0-1

[Event "K41 Efteraars EMT Basis 2 2008"]
[Site "Valby"]
[Date "2008.09.09"]
[Round "1"]
[White "Christensen, Aage Niels"]
[Black "Krogh, Soren"]
[Result "1-0"]
[WhiteElo "1422"]
[BlackElo "1259"]
[PlyCount "51"]
[EventDate "2008.??.??"]

1. d4 e6 2. e4 d5 3. Nd2 Nf6 4. e5 Nfd7 5. f4 c5 6. Ne2 Nc6 7. c3 f6 8. Nf3 Qb6
9. Be3 Be7 10. exf6 gxf6 11. dxc5 Qxb2 12. Qb1 Qa3 13. Qc1 Qa4 14. Ned4 Nxd4
15. Nxd4 Kf7 16. Be2 Nf8 17. Nb5 Bd7 18. Rb1 Qe4 19. Rb4 Qxg2 20. Rg1 Qxh2 21.
f5 h5 22. Kd2 Qb8 23. Qd1 exf5 24. Bxh5+ Ke6 25. Nd4+ Ke5 26. Bf4+ 1-0

[Event "K41 Efteraars EMT Basis 2 2008"]
[Site "Valby"]
[Date "2008.09.09"]
[Round "1"]
[White "Nielsen, Jais Norgaard"]
[Black "Gjelstrup, Ole"]
[Result "1-0"]
[WhiteElo "1483"]
[BlackElo "1425"]
[PlyCount "107"]
[EventDate "2008.??.??"]

1. e4 c5 2. Nf3 Nc6 3. Bc4 e6 4. O-O d5 5. exd5 exd5 6. Re1+ Be7 7. Bb5 Nf6 8.
Qe2 Bd7 9. d3 h6 10. a4 Rc8 11. Bf4 a6 12. Bd6 Be6 13. Bxc6+ Rxc6 14. Bxe7 Qxe7
15. d4 O-O 16. c3 Re8 17. Nbd2 Qd6 18. Qd3 Rc7 19. dxc5 Qxc5 20. Nd4 Rce7 21.
Nxe6 Rxe6 22. Rxe6 Rxe6 23. Nb3 Qe7 24. Kf1 Qc7 25. g3 Qe5 26. Nd4 Re8 27. f3
Qe3 28. Qxe3 Rxe3 29. Kf2 Re5 30. Rd1 g6 31. Nc2 Kf8 32. Rd4 h5 33. Kf1 g5 34.
Kf2 g4 35. f4 Re4 36. Rxe4 dxe4 37. c4 Ke7 38. b4 Kd6 39. Ke3 Ke6 40. Kd4 Kf5
41. Ne3+ Ke6 42. f5+ Kd6 43. Nd1 b6 44. Nc3 e3 45. Kxe3 Ke5 46. c5 bxc5 47.
bxc5 Nd5+ 48. Kd3 Ne7 49. Kc4 Kxf5 50. Nd5 Nc6 51. Nc7 Ne5+ 52. Kd5 Nf3 53.
Nxa6 Nxh2 54. c6 1-0

[Event "K41 Efteraars EMT Basis 2 2008"]
[Site "Valby"]
[Date "2008.09.09"]
[Round "1"]
[White "Kristensen, Steffen Michael"]
[Black "Jorgensen, Orla Eilegaard"]
[Result "1/2-1/2"]
[WhiteElo "1256"]
[BlackElo "1327"]
[PlyCount "37"]
[EventDate "2008.??.??"]

1. Nf3 c5 2. d4 d5 3. g3 cxd4 4. Nxd4 e5 5. Nb3 Nc6 6. Bg2 Nf6 7. Bg5 e4 8. O-O
Be6 9. Nd4 Nxd4 10. Qxd4 Be7 11. Nc3 h6 12. Bxf6 Bxf6 13. Qa4+ Bd7 14. Qb4 Bc6
15. Rad1 a5 16. Qc5 Be7 17. Qe3 f5 18. Qd4 Bf6 19. Qc5 1/2-1/2

[Event "K41 Efteraars EMT Basis 2 2008"]
[Site "Valby"]
[Date "2008.09.16"]
[Round "2"]
[White "Mikkelsen, Henning Peter"]
[Black "Christensen, Aage Niels"]
[Result "0-1"]
[WhiteElo "1382"]
[BlackElo "1422"]
[PlyCount "60"]
[EventDate "2008.??.??"]

1. d4 Nf6 2. Nc3 d5 3. e4 dxe4 4. f3 exf3 5. Qxf3 c6 6. Be3 g6 7. Bc4 e6 8.
Nge2 Bg7 9. O-O Qd7 10. Rad1 Nd5 11. Bg5 O-O 12. Ne4 f6 13. Bc1 b6 14. Nf4 Ba6
15. Bxa6 Nxa6 16. c4 Nxf4 17. Qxf4 Rad8 18. Be3 Nc7 19. Qh4 Ne8 20. Rf3 Rf7 21.
Rdf1 Bh8 22. Rg3 Qe7 23. Qh6 Nd6 24. Rxg6+ hxg6 25. Qxg6+ Kf8 26. Bh6+ Ke8 27.
Qg8+ Kd7 28. Nxf6+ Rxf6 29. Qg4 Rxf1+ 30. Kxf1 Qf6+ 0-1

[Event "K41 Efteraars EMT Basis 2 2008"]
[Site "Valby"]
[Date "2008.09.16"]
[Round "2"]
[White "Krull, Carl"]
[Black "Jorgensen, Orla Eilegaard"]
[Result "1-0"]
[WhiteElo "1386"]
[BlackElo "1327"]
[PlyCount "65"]
[EventDate "2008.??.??"]

1. e4 c5 2. Nf3 d6 3. d4 cxd4 4. Qxd4 Nc6 5. Bb5 Bd7 6. Bxc6 bxc6 7. O-O c5 8.
Qd1 Nf6 9. e5 dxe5 10. Nxe5 e6 11. c4 Be7 12. Bg5 Ne4 13. Bxe7 Qxe7 14. Qf3 f5
15. Nc3 O-O 16. Nxe4 fxe4 17. Qxe4 Rad8 18. Rad1 Be8 19. Qe3 Qc7 20. Rxd8 Qxd8
21. Nd3 Qd6 22. Nxc5 Bd7 23. Nxd7 Qxd7 24. Re1 Rf6 25. b4 Rg6 26. g3 h5 27. h4
Qe7 28. Qe4 Kf7 29. Qf3+ Rf6 30. Qxh5+ Rg6 31. Re3 Qxb4 32. Rf3+ Ke7 33. Qxg6
1-0

[Event "K41 Efteraars EMT Basis 2 2008"]
[Site "Valby"]
[Date "2008.09.16"]
[Round "2"]
[White "Gjelstrup, Ole"]
[Black "Kristensen, Steffen Michael"]
[Result "1/2-1/2"]
[WhiteElo "1425"]
[BlackElo "1256"]
[PlyCount "30"]
[EventDate "2008.??.??"]

1. e4 d5 2. exd5 Qxd5 3. Nc3 Qa5 4. d4 c6 5. Nf3 Bf5 6. Bc4 e6 7. O-O Nd7 8.
Bd2 Qc7 9. Rc1 Ngf6 10. Qe2 Bd6 11. Rfe1 O-O 12. Ne5 Bxe5 13. dxe5 Ng4 14. f4
Qb6+ 15. Be3 Nxe3 1/2-1/2

[Event "K41 Efteraars EMT Basis 2 2008"]
[Site "Valby"]
[Date "2008.09.16"]
[Round "2"]
[White "Krogh, Soren"]
[Black "Nielsen, Jais Norgaard"]
[Result "0-1"]
[WhiteElo "1259"]
[BlackElo "1483"]
[PlyCount "44"]
[EventDate "2008.??.??"]

1. d4 Nf6 2. Bg5 Ne4 3. Bf4 c5 4. d5 e6 5. f3 Nf6 6. e4 exd5 7. exd5 d6 8. c4
Be7 9. Nc3 O-O 10. Bd3 Nh5 11. Bc1 f5 12. Nge2 Bh4+ 13. Kf1 f4 14. Qc2 g6 15.
Ne4 Rf7 16. b3 g5 17. h3 Ng7 18. Qc3 h5 19. Bb2 Qe7 20. Nf6+ Kf8 21. Nxh5 Qe3
22. g3 fxg3 0-1

[Event "K41 Efteraars EMT Basis 2 2008"]
[Site "Valby"]
[Date "2008.09.23"]
[Round "3"]
[White "Jorgensen, Orla Eilegaard"]
[Black "Gjelstrup, Ole"]
[Result "1-0"]
[WhiteElo "1327"]
[BlackElo "1425"]
[PlyCount "59"]
[EventDate "2008.??.??"]

1. Nf3 Nf6 2. g3 d5 3. d4 e6 4. a3 Bd6 5. Bg2 b6 6. c4 Nbd7 7. cxd5 exd5 8. Nc3
a6 9. b4 Bb7 10. O-O O-O 11. Re1 Re8 12. e3 Ne4 13. Qc2 f5 14. Bh3 Rf8 15. Bb2
Qe7 16. Rac1 g5 17. Bg2 Rae8 18. Nxe4 fxe4 19. Nd2 Qf7 20. Rf1 Qh5 21. f3 Rf6
22. fxe4 Rh6 23. h3 dxe4 24. Qc4+ Ree6 25. d5 Re7 26. Nxe4 Rxe4 27. Qxe4 g4 28.
Rf5 Qg6 29. h4 Bxg3 30. Rg5 1-0

[Event "K41 Efteraars EMT Basis 2 2008"]
[Site "Valby"]
[Date "2008.09.23"]
[Round "3"]
[White "Christensen, Aage Niels"]
[Black "Krull, Carl"]
[Result "0-1"]
[WhiteElo "1422"]
[BlackElo "1386"]
[PlyCount "90"]
[EventDate "2008.??.??"]

1. d4 Nf6 2. c4 e5 3. dxe5 Ng4 4. Nf3 Nc6 5. a3 Ngxe5 6. e4 a6 7. Nc3 Bc5 8.
Be2 d6 9. O-O Be6 10. b3 Qe7 11. Nd5 Bxd5 12. exd5 Nb8 13. Bb2 Nbd7 14. h3 O-O
15. Re1 Qf6 16. Rb1 Nxf3+ 17. Bxf3 Qh4 18. Qd2 Rae8 19. Re2 Ne5 20. Bxe5 dxe5
21. Re4 Qe7 22. b4 f5 23. Ree1 Bd4 24. Qa2 e4 25. c5 Kh8 26. Rbd1 Qf6 27. Be2
e3 28. fxe3 Rxe3 29. Kf1 Bc3 30. Qb3 Bd2 31. Qb1 Bxe1 32. Rxe1 Rfe8 33. Qd1 Qe5
34. d6 cxd6 35. cxd6 Rd8 36. d7 Qe7 37. Qc1 Rxd7 38. Qc8+ Qe8 39. Qxe8+ Rxe8
40. Bf3 Rxe1+ 41. Kxe1 b6 42. Ke2 f4 43. Bc6 Rd6 44. b5 a5 45. Be4 g5 0-1

[Event "K41 Efteraars EMT Basis 2 2008"]
[Site "Valby"]
[Date "2008.09.23"]
[Round "3"]
[White "Kristensen, Steffen Michael"]
[Black "Krogh, Soren"]
[Result "1/2-1/2"]
[WhiteElo "1256"]
[BlackElo "1259"]
[PlyCount "33"]
[EventDate "2008.??.??"]

1. Nf3 Nf6 2. d4 d6 3. h3 Bf5 4. e3 e6 5. Bd3 Bg6 6. O-O Be7 7. Nc3 Qd7 8. b4
Nc6 9. b5 Nd8 10. a4 O-O 11. Bxg6 hxg6 12. e4 c6 13. e5 Nd5 14. Nxd5 exd5 15.
exd6 Bxd6 16. bxc6 bxc6 17. Qd2 1/2-1/2

[Event "K41 Efteraars EMT Basis 2 2008"]
[Site "Valby"]
[Date "2008.09.30"]
[Round "4"]
[White "Mikkelsen, Henning Peter"]
[Black "Kristensen, Steffen Michael"]
[Result "1-0"]
[WhiteElo "1382"]
[BlackElo "1256"]
[PlyCount "43"]
[EventDate "2008.??.??"]

1. e4 e5 2. Nf3 Nc6 3. Bb5 a6 4. Ba4 Nf6 5. O-O b5 6. Bb3 Bc5 7. c3 O-O 8. Re1
h6 9. d4 exd4 10. cxd4 Bb4 11. Nc3 Bb7 12. a3 Ba5 13. Nh4 d5 14. Re3 Bxc3 15.
bxc3 Na5 16. Bc2 Nc4 17. Rh3 Nxe4 18. Nf5 Ng5 19. Nxh6+ gxh6 20. Rxh6 Kg7 21.
Qh5 Qe7 22. Bxg5 1-0

[Event "K41 Efteraars EMT Basis 2 2008"]
[Site "Valby"]
[Date "2008.09.30"]
[Round "4"]
[White "Christensen, Aage Niels"]
[Black "Nielsen, Jais Norgaard"]
[Result "0-1"]
[WhiteElo "1422"]
[BlackElo "1483"]
[PlyCount "68"]
[EventDate "2008.??.??"]

1. d4 c5 2. d5 Nf6 3. c4 g6 4. Nc3 Bg7 5. e4 d6 6. f4 O-O 7. Nf3 e6 8. Bd3 exd5
9. cxd5 Qb6 10. Bc2 Ng4 11. h3 Nh6 12. O-O f6 13. Rb1 Re8 14. Re1 Nd7 15. Kh1
a6 16. f5 g5 17. Be3 Qc7 18. a4 b6 19. Qd2 Nf7 20. Nd1 Nde5 21. Qe2 Bd7 22.
Nxe5 Nxe5 23. h4 h6 24. Nc3 Re7 25. Bf2 g4 26. Bg3 h5 27. Bf4 Rae8 28. Bxe5
Rxe5 29. Qxa6 Bxf5 30. Qf1 Bg6 31. Re2 Qe7 32. Rbe1 f5 33. exf5 Qxh4+ 34. Kg1
g3 0-1

[Event "K41 Efteraars EMT Basis 2 2008"]
[Site "Valby"]
[Date "2008.09.30"]
[Round "4"]
[White "Krogh, Soren"]
[Black "Jorgensen, Orla Eilegaard"]
[Result "1/2-1/2"]
[WhiteElo "1259"]
[BlackElo "1327"]
[PlyCount "70"]
[EventDate "2008.??.??"]

1. d4 Nf6 2. Bg5 d5 3. Nc3 Bf5 4. Nf3 h6 5. Bxf6 exf6 6. e3 Bb4 7. Qd2 c6 8.
O-O-O a5 9. Rg1 a4 10. g4 Bh7 11. Bd3 Bxd3 12. Qxd3 Qa5 13. Ne2 Nd7 14. h4
O-O-O 15. g5 fxg5 16. hxg5 c5 17. Nf4 c4 18. Qe2 a3 19. b3 Kb8 20. Nd2 cxb3 21.
Nxb3 Qc7 22. Nxd5 Qd6 23. e4 Qc6 24. Nxb4 Qc3 25. Nd3 Rc8 26. f4 Rhe8 27. gxh6
gxh6 28. f5 Rxe4 29. Qg2 Rce8 30. Qd2 Qc7 31. Rg2 Nb6 32. Rdg1 Nc4 33. Qb4 Ne3
34. Rd2 Nc4 35. Rdg2 Ne3 1/2-1/2

[Event "K41 Efteraars EMT Basis 2 2008"]
[Site "Valby"]
[Date "2008.10.14"]
[Round "4"]
[White "Krull, Carl"]
[Black "Gjelstrup, Ole"]
[Result "1/2-1/2"]
[WhiteElo "1386"]
[BlackElo "1425"]
[PlyCount "130"]
[EventDate "2008.??.??"]

1. e4 e5 2. Nf3 d6 3. Bc4 Be6 4. b3 Bxc4 5. bxc4 Nf6 6. d3 Nbd7 7. Nbd2 g6 8.
Nb3 Bg7 9. O-O O-O 10. Bg5 c6 11. Qd2 Re8 12. h3 Qc7 13. Nh2 d5 14. cxd5 cxd5
15. f3 h5 16. Rf2 Re6 17. Rc1 Rd6 18. Qe2 Qc6 19. c4 dxe4 20. fxe4 Nc5 21. Nxc5
Qxc5 22. Rb1 Qc6 23. Kh1 Nd7 24. Qf1 Rf8 25. Be7 Nc5 26. Bxf8 Bxf8 27. Rxf7 Bh6
28. Rf3 Qd7 29. Rd1 Nxe4 30. Re1 Nd2 31. Qe2 Nxf3 32. Nxf3 Bf4 33. Nxe5 Bxe5
34. Qxe5 Rxd3 35. Qb8+ Kg7 36. Qxa7 Rd1 37. Qe3 Rd4 38. Qe7+ Qxe7 39. Rxe7+ Kf6
40. Rxb7 Rxc4 41. Ra7 Rc2 42. a4 Ra2 43. h4 Kf5 44. Kh2 Kg4 45. Ra6 Kf5 46. Kh3
Ra3+ 47. g3 Ra2 48. Ra8 Ra3 49. a5 Ra1 50. a6 Kf6 51. a7 Kf7 52. Kg2 Ra3 53.
Kf2 Kg7 54. Ke2 Kh7 55. Kd2 Kg7 56. Kc2 Kh7 57. Kb2 Ra6 58. Kb3 Kg7 59. Kb4 Kh7
60. Kb5 Ra1 61. Kc6 Rc1+ 62. Kd5 Rd1+ 63. Ke4 Re1+ 64. Kf3 Rf1+ 65. Kg2 Ra1
1/2-1/2

[Event "K41 Efteraars EMT Basis 2 2008"]
[Site "Valby"]
[Date "2008.10.07"]
[Round "5"]
[White "Jorgensen, Orla Eilegaard"]
[Black "Mikkelsen, Henning Peter"]
[Result "1/2-1/2"]
[WhiteElo "1327"]
[BlackElo "1382"]
[PlyCount "34"]
[EventDate "2008.??.??"]

1. f4 d5 2. b3 Nf6 3. Bb2 Bf5 4. Nf3 Nbd7 5. e3 e6 6. c4 c6 7. d3 Bd6 8. Nbd2
Qc7 9. h3 h6 10. g4 Bh7 11. Qe2 O-O-O 12. Bg2 Nc5 13. Ne5 Bxe5 14. Bxe5 Nxd3+
15. Qxd3 Bxd3 16. Bxc7 Kxc7 17. Bf1 Bxf1 1/2-1/2

[Event "K41 Efteraars EMT Basis 2 2008"]
[Site "Valby"]
[Date "2008.10.07"]
[Round "5"]
[White "Nielsen, Jais Norgaard"]
[Black "Krull, Carl"]
[Result "1-0"]
[WhiteElo "1483"]
[BlackElo "1386"]
[PlyCount "107"]
[EventDate "2008.??.??"]

1. e4 e5 2. Nf3 Nc6 3. Bb5 a6 4. Ba4 Bc5 5. c3 Nf6 6. d3 d6 7. Bg5 h6 8. Bh4
Bd7 9. Bc2 Qe7 10. Nbd2 Bg4 11. h3 Bh5 12. a3 Ba7 13. g4 Bg6 14. Qe2 Bh7 15.
Nf1 g5 16. Bg3 Nd7 17. Ne3 Nc5 18. Nd5 Qd8 19. h4 Ne6 20. O-O-O Nf4 21. Bxf4
gxf4 22. g5 Kd7 23. Nf6+ Kc8 24. Nxh7 Rxh7 25. d4 f6 26. g6 Rg7 27. h5 Ne7 28.
dxe5 fxe5 29. Nxe5 b5 30. Ng4 Ng8 31. e5 Qg5 32. Qf3 Rb8 33. exd6 Bc5 34. Rd5
Qd8 35. Rxc5 Qxd6 36. Bf5+ Rd7 37. Bxd7+ Qxd7 38. Rd1 Qe7 39. Rcd5 c6 40. Re5
Qc7 41. Qxf4 Kb7 42. Qf7 Kb6 43. Qxc7+ Kxc7 44. Rf5 Re8 45. Rf7+ Kb6 46. g7 Re7
47. Rxe7 Nxe7 48. Re1 Ng8 49. Re8 Nf6 50. Nxf6 b4 51. g8=Q bxc3 52. Rb8+ Kc5
53. bxc3 a5 54. Ne4# 1-0

[Event "K41 Efteraars EMT Basis 2 2008"]
[Site "Valby"]
[Date "2008.10.07"]
[Round "5"]
[White "Gjelstrup, Ole"]
[Black "Krogh, Soren"]
[Result "1-0"]
[WhiteElo "1425"]
[BlackElo "1259"]
[PlyCount "49"]
[EventDate "2008.??.??"]

1. e4 e6 2. Nf3 d5 3. e5 c5 4. b4 cxb4 5. d4 Nc6 6. a3 Qb6 7. Be2 Nge7 8. O-O
Nf5 9. Be3 Be7 10. Qd3 Bd7 11. axb4 h5 12. b5 Nd8 13. Nc3 h4 14. Rfc1 Rg8 15.
Na4 Qc7 16. c4 Qb8 17. cxd5 exd5 18. Nc3 Be6 19. Nxd5 Nxe3 20. Nxe3 g5 21. d5
g4 22. dxe6 gxf3 23. Qd7+ Kf8 24. Rc7 Bg5 25. exf7 1-0

[Event "K41 Efteraars EMT Basis 2 2008"]
[Site "Valby"]
[Date "2008.10.07"]
[Round "5"]
[White "Kristensen, Steffen Michael"]
[Black "Christensen, Aage Niels"]
[Result "0-1"]
[WhiteElo "1256"]
[BlackElo "1422"]
[PlyCount "50"]
[EventDate "2008.??.??"]

1. Nf3 d5 2. d4 Nf6 3. Bf4 Bg4 4. g3 Bxf3 5. exf3 e6 6. Nd2 Nbd7 7. c3 Be7 8.
Qc2 O-O 9. Bd3 Rc8 10. Nb3 a6 11. O-O c5 12. dxc5 Nxc5 13. Nxc5 Rxc5 14. Be3
Rc6 15. Bd4 h6 16. Qe2 Re8 17. b4 Rc8 18. Bc2 Nh7 19. Qe5 Bf6 20. Qe3 Bxd4 21.
Qd3 Nf8 22. cxd4 Rc4 23. a3 Qc7 24. Rac1 Rc8 25. Qd2 Rxc2 0-1

[Event "K41 Efteraars EMT Basis 2 2008"]
[Site "Valby"]
[Date "2008.10.21"]
[Round "6"]
[White "Christensen, Aage Niels"]
[Black "Jorgensen, Orla Eilegaard"]
[Result "1-0"]
[WhiteElo "1422"]
[BlackElo "1327"]
[PlyCount "55"]
[EventDate "2008.??.??"]

1. d4 Nf6 2. c4 e6 3. Nc3 d5 4. Nf3 c5 5. e3 cxd4 6. exd4 Nc6 7. Bd3 Bb4 8. O-O
O-O 9. a3 Bxc3 10. bxc3 b6 11. Re1 Re8 12. Bg5 h6 13. Bh4 dxc4 14. Bxc4 Bb7 15.
Qe2 Rc8 16. Bb5 g5 17. Bg3 Nd5 18. Rac1 a6 19. Ba4 b5 20. Bc2 Kh8 21. Ne5 Nxe5
22. Bxe5+ f6 23. Qh5 fxe5 24. Qxh6+ Kg8 25. Rxe5 Qf6 26. Rxg5+ Kf7 27. Qh7+ Kf8
28. Rg8# 1-0

[Event "K41 Efteraars EMT Basis 2 2008"]
[Site "Valby"]
[Date "2008.10.21"]
[Round "6"]
[White "Mikkelsen, Henning Peter"]
[Black "Gjelstrup, Ole"]
[Result "1-0"]
[WhiteElo "1382"]
[BlackElo "1425"]
[PlyCount "57"]
[EventDate "2008.??.??"]

1. d4 d5 2. c4 e6 3. Nc3 Nf6 4. Nf3 Nbd7 5. e3 c6 6. Bd3 dxc4 7. Bxc4 Bb4 8.
O-O O-O 9. Qc2 Re8 10. Ne4 h6 11. a3 Bf8 12. Ng3 Qc7 13. b4 Bd6 14. e4 e5 15.
Bb2 exd4 16. Bxd4 Ne5 17. Be2 Bg4 18. Nh4 Rad8 19. Rad1 a5 20. f3 Bc8 21. f4
Neg4 22. e5 Bxe5 23. fxe5 Nd5 24. Qb3 Nxe5 25. Ngf5 axb4 26. Qg3 f6 27. Nxh6+
Kh7 28. Bxe5 Qxe5 29. Qg6+ 1-0

[Event "K41 Efteraars EMT Basis 2 2008"]
[Site "Valby"]
[Date "2008.10.21"]
[Round "6"]
[White "Krull, Carl"]
[Black "Krogh, Soren"]
[Result "1-0"]
[WhiteElo "1386"]
[BlackElo "1259"]
[PlyCount "95"]
[EventDate "2008.??.??"]

1. e4 e6 2. d4 d5 3. e5 c5 4. Be3 Nc6 5. Nf3 Qb6 6. b3 f6 7. a4 cxd4 8. Nxd4
Qc7 9. exf6 Nxf6 10. Bd3 Be7 11. c3 O-O 12. O-O a6 13. c4 Bd7 14. Nd2 Nb4 15.
Be2 Rac8 16. Nc2 e5 17. Nxb4 Bxb4 18. cxd5 Nxd5 19. Bc4 Bc6 20. Ne4 Rfd8 21.
Qh5 Kh8 22. Ng5 h6 23. Nf7+ Kg8 24. Nxd8 Rxd8 25. Qg4 Be7 26. Bxh6 Bf6 27. Rad1
Qf7 28. Qg3 Kh8 29. Be3 Qh5 30. Bxd5 Bxd5 31. Bb6 Rd7 32. Qc3 Qf7 33. Rd3 Bc6
34. Rh3+ Kg8 35. Qc2 e4 36. Be3 Rd3 37. b4 Rc3 38. Qd1 b5 39. a5 Rc4 40. Bc5
Qe6 41. Qh5 Be7 42. Qh8+ Kf7 43. Rh7 Bf6 44. Qf8+ Kg6 45. Rh3 Be5 46. Rh8 Qg4
47. Be3 Qe2 48. h4 1-0

[Event "K41 Efteraars EMT Basis 2 2008"]
[Site "Valby"]
[Date "2008.10.21"]
[Round "6"]
[White "Nielsen, Jais Norgaard"]
[Black "Kristensen, Steffen Michael"]
[Result "1-0"]
[WhiteElo "1483"]
[BlackElo "1256"]
[PlyCount "41"]
[EventDate "2008.??.??"]

1. d4 f5 2. Nc3 e6 3. e4 Bb4 4. exf5 exf5 5. Qf3 d5 6. Bd2 Bxc3 7. Bxc3 Nf6 8.
Qe3+ Kf7 9. Nf3 Nc6 10. Ne5+ Nxe5 11. dxe5 Ng4 12. Qd4 Re8 13. f4 b6 14. O-O-O
c5 15. Qxd5+ Be6 16. Qb7+ Qe7 17. Qf3 Red8 18. Be2 Rd7 19. h3 Rxd1+ 20. Bxd1
Nh6 21. Qxa8 1-0

[Event "K41 Efteraars EMT Basis 2 2008"]
[Site "Valby"]
[Date "2008.10.28"]
[Round "7"]
[White "Jorgensen, Orla Eilegaard"]
[Black "Nielsen, Jais Norgaard"]
[Result "1-0"]
[WhiteElo "1327"]
[BlackElo "1483"]
[PlyCount "119"]
[EventDate "2008.??.??"]

1. e4 e5 2. Nf3 Nc6 3. Bb5 a6 4. Bxc6 dxc6 5. c3 Bg4 6. h3 Bh5 7. d4 f6 8. Be3
Bg6 9. Nbd2 exd4 10. cxd4 Qd7 11. a3 Bf7 12. b4 g5 13. g4 Bg7 14. Nb3 b6 15.
Rc1 Qe6 16. Nbd2 Ne7 17. Qa4 Kd7 18. d5 Qd6 19. Nc4 b5 20. Nxd6 bxa4 21. Nxf7
Rhf8 22. N7xg5 fxg5 23. Nxg5 cxd5 24. exd5 Nxd5 25. Rd1 c6 26. Nxh7 Rh8 27. Ng5
Raf8 28. O-O Bh6 29. Kg2 Kc8 30. Bc1 Bxg5 31. Bxg5 Nc3 32. Rc1 Nb5 33. Rxc6+
Kb7 34. Rfc1 Nxa3 35. Rc7+ Kb8 36. R7c6 Kb7 37. Be3 Rc8 38. Rb6+ Ka7 39. Rbc6+
Kb7 40. Rxc8 Rxc8 41. Rxc8 Kxc8 42. g5 Kd7 43. h4 Nc2 44. Bd2 a3 45. h5 Ke8 46.
h6 Kf7 47. f4 a2 48. Bc3 a1=Q 49. Bxa1 Nxa1 50. f5 Nc2 51. Kg3 Nxb4 52. Kg4 a5
53. Kh5 Nd5 54. g6+ Kg8 55. Kg5 a4 56. f6 Nxf6 57. Kxf6 a3 58. h7+ Kh8 59. Kf7
a2 60. g7+ 1-0

[Event "K41 Efteraars EMT Basis 2 2008"]
[Site "Valby"]
[Date "2008.10.28"]
[Round "7"]
[White "Gjelstrup, Ole"]
[Black "Christensen, Aage Niels"]
[Result "0-1"]
[WhiteElo "1425"]
[BlackElo "1422"]
[PlyCount "56"]
[EventDate "2008.??.??"]

1. d4 Nf6 2. Nf3 d5 3. e3 g6 4. b3 Bg7 5. Bb2 O-O 6. Bd3 Nbd7 7. O-O c5 8. Nbd2
cxd4 9. exd4 Re8 10. Kh1 a6 11. Qe2 b5 12. Rae1 Nh5 13. Ne5 Nxe5 14. dxe5 Nf4
15. Qe3 Nxd3 16. Qxd3 Bf5 17. Qg3 Bxc2 18. f4 e6 19. Nf3 Rc8 20. Nd4 Be4 21.
Rf2 Bf8 22. f5 Bxf5 23. Nxf5 exf5 24. Rxf5 Bg7 25. e6 Rxe6 26. Rxe6 fxe6 27.
Re5 Rc2 28. Bc3 Rc1+ 0-1

[Event "K41 Efteraars EMT Basis 2 2008"]
[Site "Valby"]
[Date "2008.10.28"]
[Round "7"]
[White "Krogh, Soren"]
[Black "Mikkelsen, Henning Peter"]
[Result "1-0"]
[WhiteElo "1259"]
[BlackElo "1382"]
[PlyCount "83"]
[EventDate "2008.??.??"]

1. d4 f5 2. g3 Nf6 3. Bg2 e6 4. Nh3 Be7 5. O-O O-O 6. c4 c6 7. b3 d5 8. Bb2 Qe8
9. Nd2 Nbd7 10. Nf4 Bd6 11. Nd3 b6 12. Rc1 Bb7 13. e3 Rc8 14. h4 Qg6 15. Qe2
Rce8 16. Ne5 Bxe5 17. dxe5 Nh5 18. Kh2 Qf7 19. Nf3 g6 20. Ng5 Qg7 21. f4 h6 22.
Nh3 Qf7 23. Bf3 Ng7 24. Ba1 Nc5 25. b4 Ne4 26. Bxe4 fxe4 27. a4 Nf5 28. Nf2 h5
29. Nh3 Qe7 30. c5 Rd8 31. Qf2 Ba6 32. Rg1 Bd3 33. Ng5 Qe8 34. g4 hxg4 35. Rxg4
Nh6 36. Rg2 Rf5 37. Rcg1 Kh8 38. Nxe6 Qxe6 39. Rxg6 Rf6 40. exf6 Ng4+ 41. R1xg4
d4 42. Rh6# 1-0

[Event "K41 Efteraars EMT Basis 2 2008"]
[Site "Valby"]
[Date "2008.10.28"]
[Round "7"]
[White "Kristensen, Steffen Michael"]
[Black "Krull, Carl"]
[Result "0-1"]
[WhiteElo "1256"]
[BlackElo "1386"]
[PlyCount "30"]
[EventDate "2008.??.??"]

1. b3 e5 2. Bb2 Nc6 3. e4 Bc5 4. Bc4 d6 5. Nc3 Nf6 6. h3 Nd4 7. Nf3 Be6 8. Bxe6
fxe6 9. O-O a6 10. Nxd4 Bxd4 11. Na4 Ba7 12. d3 Qe7 13. c4 Bd4 14. Qd2 Nh5 15.
Qe2 Ng3 0-1